MDQL
is popping MORE tags! Check the
thread
!
Quizzes
Events
Quiz Creation
Community
Videos
Private Events
Remove Ads
Sign In
Join for FREE
Feedback
Dark Mode
Quiz Categories
Sports
Geography
Music
Movies
Television
Just For Fun
Miscellaneous
History
Literature
Language
Science
Gaming
Entertainment
Religion
Holiday
For Kids
Quiz Lab
Recent
Popular Today
Quiz Kudos Today
Editor Picks
Curator Picks
Quizzes by...
Day
Popularity
Type
Ratings
Length
Year
Community
Subscriptions
Recent Discussions
Orange Saloon
Badges
Playlists
Quests
Create
Leaderboards
Showdown
Live 5
Trivia Bingo
Activity
Puzzle Library
Sporcle Events
Private Events
Virtual Trivia
Globe League
Become a Host
Pub Owners
SporcleCon
Opinionation
Our Games
Videos
Blog
Mobile Apps
Partnerships
Remove Ads and Go Orange
Feedback
Music
Pop Music
The Beatles
Song
Album
Lyrics
Bands
Singers
Artist
Clip
Rock
Rap
Classical
Billboard
Country Music
Kpop
Taylor Swift
Music
Pop Music
The Beatles
Song
Album
Lyrics
Bands
Singers
Artist
Clip
Rock
Rap
Classical
Billboard
Country Music
Kpop
Taylor Swift
Random Quiz
Search Sporcle
×
Quiz Lab
Quiz Lab
Music
Rock
Type in answers that appear in a list
Type in answers that appear in a list
Classic
Best Score? Go Orange.
Am I in the Rock and Roll Hall of Fame? Stats
Can you name the musicians that are and aren't in the Rock and Roll Hall of Fame?
By
nscox
6m
58 Questions
404 Plays
404 Plays
404 Plays
Comments
Comments
Give Quiz Kudos
Give Quiz Kudos
-
- Ratings
hide this ad
More Info
Forced Order
Answers have to be entered in order
Answers have to be entered in order
Wrong Answers
Some wrong answers will appear in red
Some wrong answers will appear in red
Random Order
Randomize order of answers
Randomize order of answers
Replay
Link that replays current quiz
Next Quiz
Link to next quiz in quiz playlist
You Got
0%
They Got
Avg Score
72%
Avg Friend Score
Upgrade to see
Score Distribution
Jump to the score distribution portion of the page
Score
0/58
Timer
06:00
0
Plays Today
Player
(Y)es or (N)o
% Correct
Stevie Wonder
???
89.4%
Johnny Cash
???
89.4%
The Doors
???
88.6%
The Police
???
88.4%
The Supremes
???
88.1%
Prince
???
88.1%
The Byrds
???
87.6%
Bo Diddley
???
84.9%
The Allman Brothers Band
???
84.9%
Husker Du
???
84.7%
Fats Domino
???
83.9%
Black Sabbath
???
83.9%
The Mamas & The Papas
???
83.4%
The Velvet Underground
???
82.9%
The Band
???
82.7%
Genesis
???
82.7%
The Animals
???
82.2%
The Modern Lovers
???
81.2%
Dusty Springfield
???
80.2%
Dio
???
80%
Alice Cooper
???
80%
Run-
D.M.C.
???
79.7%
Patti Smith
???
78.2%
Beastie Boys
???
78.2%
Kraftwerk
???
78%
Ritchie Valens
???
78%
Motorhead
???
77%
Sonic Youth
???
76%
Los Lobos
???
75.2%
Player
(Y)es or (N)o
% Correct
Pretenders
???
75%
Chic
???
74.6%
Joy Division
???
74.5%
Blue Oyster Cult
???
73.8%
Isaac Hayes
???
73.5%
Iron Maiden
???
73.3%
MC5
???
73%
Judas Priest
???
72.5%
King Crimson
???
72.3%
Leonard Cohen
???
71.5%
New York Dolls
???
71.3%
Parliament-
Funkadelic
???
71.3%
Nine Inch Nails
???
70.9%
LL Cool J
???
69.8%
The Guess Who
???
68.8%
Bobby Darin
???
68.8%
The Cure
???
68.8%
Jethro Tull
???
67.1%
T. Rex
???
67.1%
The Smiths
???
66.9%
The Zombies
???
65.8%
The Lovin' Spoonful
???
65.8%
Def Leppard
???
64.9%
The Cars
???
63.9%
Dire Straits
???
58.2%
The Moody Blues
???
56.4%
Yes
???
56.4%
Willie Nelson
???
51.2%
Ben E. King
???
40.3%
Quiz Playlist
Details
Report
Send in Message
Add To Playlist
More Info:
Type Y (for Yes) if you think that player is in the Hall of Fame. Type N (for No) if you don't think that player has been inducted.
Classic:
Type in answers that appear in a list
Forced Order:
Answers have to be entered in order
Wrong Answers:
Some wrong answers will appear in red
Random Order:
Randomize order of answers
Quiz Source
Last Updated: Feb 16, 2017
Quiz Scoreboard
CHALLENGE
Sign Up to Join the Scoreboard
Show All
Scores
Hide
Comments
May contain spoilers
Recently Published
Colored Red Africa Blitz
by spor1
Geography
30s
Find the 'City' Movie
by crazypaving
Movies
60s
5x2 Blitz: Bands
by SL_Kpop136
Music
30s
More to Explore
Quiz From the Vault
Featured Blog Post
14 Easter Pick-up Lines to Find Eggs With
hide this ad
You Might Also Like...
Tags
Artist Quiz
Rap Quiz
Rock Quiz
This or That Quiz
blues
Musician
Rock and Roll Hall of Fame
True or False
Today's Top Quizzes in Music
Browse Music
hide this ad
Today's Top Quizzes in Rock
Browse Rock
Top Contributed Quizzes in Music
1
5X2 Blitz: Bands II
2
5X2 Blitz: The Beatles
3
Taylor Swift All Songs (2024)
4
5X2 Blitz: Billboard
5
Taylor Swift Logic Puzzle II
6
5X2 Blitz: Billboard II
7
5X2 Blitz: Singers
8
5X2 Blitz: Album
9
5X2 Blitz: Rock
10
5X2 Blitz: Lyrics
Explore More
Trending Topics
Disney
Anime
Marvel
Crossword
Kpop
Harry Potter
NBA
The Office
Soccer
NFL
Pokémon
Song
Puzzle
WWE
Country
hide this ad
More By:
nscox
Quiz
Plays
Rating
Category
Featured
Created
2012 Summer Olympics Minefield
527,207
4.14
Sports
Jul 11, 2012
NHL Teams (Redux)
280,110
4.17
Sports
Mar 31, 2012
WWE 'Money in the Bank' Match Participants
246,820
4.23
Sports
Jun 27, 2011
Every WrestleMania Match 1-31!
240,036
4.57
Sports
Mar 4, 2012
Famous Wrestlers by Picture
236,477
4.21
Sports
Sep 13, 2012
Go to Creator's Profile
Score Distribution
Quiz Creator Spotlight
nscox
Follow
Send a Message
Quizzes Created
-
Created Quiz Play Count
-
More By This Creator
Popular Quizzes Today
1
Colored Red Africa Blitz
2
Find the 'City' Movie
3
5x2 Blitz: Bands
4
Find the US States - No Outlines Minefield
5
The Countries of the World
6
Find the US States
7
US States
8
Find the Countries of Europe - No Outlines Minefield
More Music Quizzes
5 to 1: Beatles Albums
Curator's Pick
Trending Quizzes
Colored Red Europe Blitz I
Colored Red Europe Blitz II
Colored Red Africa Blitz II
Colored Red Europe Blitz III
Colored Red Africa Blitz III
Recently Updated
How Do You Spell That?
pecheneg
Godzilla Movies
pecheneg
Grab Bag: 4-10 Letters
pecheneg
2024 March Madness Bracket
pecheneg
Famous TV Couples
Peacemaker
Champions League XIs: Real Madrid
pecheneg
Largest US Cities 1790-2010
pecheneg
Rides in Walt Disney World
pecheneg
Most Oscar Losses (Acting)
pecheneg
Beyoncé Albums
pecheneg
Trending Topics
Marvel
Kpop
Crossword
NBA
Disney
Harry Potter
Anime
Country
Pokémon
WWE
The Office
NFL
Puzzle
Song
Soccer
Your Account Isn't Verified!
In order to create a playlist on Sporcle, you need to verify the email address you used during registration. Go to your
Sporcle Settings
to finish the process.
Report this User
Report this user for behavior that violates our
Community Guidelines
.
Details:
Send Report
Go to the Sporcle.com Mobile Site →
Comments